000 00306nam a22001337a 4500
020 _a97881-87326-748
082 _a920
_bMUR/W
100 _aKRISHNAMURTI,J
245 _aTHE WHOLE MOVEMENT OF LIFE IS LEARNING
260 _aENGLAND
300 _a260
650 _aKRISHNAMURTI'S LIFE
_zENGLAND
942 _cBK
999 _c5774
_d5774